Protidrogová výchova v rodine

Drogová závislosť mládeže. Demografické, ekonomické a kultúrne podmienky v rodine z hľadiska výchovy a drogovej závislosti. Výsledky prieskumu o podmienkach protidrogovej výchovy v rodine. Rodina a protidrogové výchovné postupy.

Guardado en:
Detalles Bibliográficos
Autor principal: Kačániová, Jarmila
Formato: Capítulo de libro
Lenguaje:eslovaco
Materias:
Etiquetas: Agregar Etiqueta
Sin Etiquetas, Sea el primero en etiquetar este registro!

MARC

LEADER 00000nla$a2200000$$$4500
001 0051098
005 20240502083135.6
041 0 |a slo 
044 |a CZ 
245 1 0 |a Protidrogová výchova v rodine  |c Jarmila Kačániová 
520 |a Drogová závislosť mládeže. Demografické, ekonomické a kultúrne podmienky v rodine z hľadiska výchovy a drogovej závislosti. Výsledky prieskumu o podmienkach protidrogovej výchovy v rodine. Rodina a protidrogové výchovné postupy. 
610 2 0 |a drogy 
610 2 0 |a výchova 
610 2 0 |a rodina 
610 2 0 |a mládež 
610 2 0 |a prevencia 
100 1 |a Kačániová, Jarmila